| 000 | 00833nam a22002057a 4500 | ||
|---|---|---|---|
| 003 | OSt | ||
| 005 | 20150408114140.0 | ||
| 008 | 130922s 2011su ||||| |||| 00| 0 ara d | ||
| 022 | _29786035032285 | ||
| 040 | _aMau | ||
| 082 |
_a621.38 _bت ا ح |
||
| 100 |
_aتوماس، الان كين _937042 |
||
| 245 |
_aحكمة ستيف جوبز التجارية : _bمئتان وخمسون شاهدا ماثورا من المبتكر المبدع الذي غير العالم / _c الان كين توماس؛ نقله الى العربي معين الامام |
||
| 250 | _aط. 1 | ||
| 260 |
_aالرياض : _bالعبيكان للنشر، _c2012 |
||
| 300 |
_a151ص.؛ _c18 سم . |
||
| 650 |
_aالاتصالات السلكية واللاسلكية _920093 |
||
| 650 | _aالاجهزة الالكترونية | ||
| 942 |
_2ddc _cBOOK |
||
| 999 |
_c30768 _d265268 |
||